<?xml version="1.0" encoding="UTF-8"?><?xml-stylesheet type="text/xsl" href="static/style.xsl"?><OAI-PMH xmlns="http://www.openarchives.org/OAI/2.0/" xmlns:xsi="http://www.w3.org/2001/XMLSchema-instance" xsi:schemaLocation="http://www.openarchives.org/OAI/2.0/ http://www.openarchives.org/OAI/2.0/OAI-PMH.xsd"><responseDate>2026-04-13T04:02:43Z</responseDate><request verb="GetRecord" identifier="oai:www.recercat.cat:2117/182336" metadataPrefix="marc">https://recercat.cat/oai/request</request><GetRecord><record><header><identifier>oai:recercat.cat:2117/182336</identifier><datestamp>2025-07-23T00:39:44Z</datestamp><setSpec>com_2072_1033</setSpec><setSpec>col_2072_452951</setSpec></header><metadata><record xmlns="http://www.loc.gov/MARC21/slim" xmlns:dcterms="http://purl.org/dc/terms/" xmlns:xsi="http://www.w3.org/2001/XMLSchema-instance" xmlns:doc="http://www.lyncode.com/xoai" xsi:schemaLocation="http://www.loc.gov/MARC21/slim http://www.loc.gov/standards/marcxml/schema/MARC21slim.xsd">
   <leader>00925njm 22002777a 4500</leader>
   <datafield ind2=" " ind1=" " tag="042">
      <subfield code="a">dc</subfield>
   </datafield>
   <datafield ind2=" " ind1=" " tag="720">
      <subfield code="a">Rodríguez Luna, Daniel</subfield>
      <subfield code="e">author</subfield>
   </datafield>
   <datafield ind2=" " ind1=" " tag="260">
      <subfield code="c">2017-06</subfield>
   </datafield>
   <datafield ind2=" " ind1=" " tag="520">
      <subfield code="a">Aquest estudi consta de l’obtenció, per diferents mètodes, del certificat energètic de&#xd;
l’edifici d’oficines de Roche Diagnostics S.L. de Sant Cugat del Vallès.&#xd;
En primer lloc, s’obtindrà la certificació per mitjà del programa CE3X en un nivell&#xd;
exhaustiu de precisió i detall, amb la informació tècnica de l’edifici introduïda&#xd;
manualment.&#xd;
Seguidament, amb el mateix programa, es reduirà el nivell de detall per obtenir el&#xd;
mateix certificat més bàsic, introduint a totes les característiques on sigui possible la&#xd;
opció “per defecte” o “estimada”.&#xd;
I per últim, mitjançant les dades reals de consums de l’edifici, es procedirà a la&#xd;
comparació dels resultats i el conseqüent anàlisi, basat en la qualificació obtinguda&#xd;
segons les hores de dedicació i el cost de cada mètode.</subfield>
   </datafield>
   <datafield tag="653" ind2=" " ind1=" ">
      <subfield code="a">Energy auditing</subfield>
   </datafield>
   <datafield tag="653" ind2=" " ind1=" ">
      <subfield code="a">Industrial buildings</subfield>
   </datafield>
   <datafield tag="653" ind2=" " ind1=" ">
      <subfield code="a">Energy consumption</subfield>
   </datafield>
   <datafield tag="653" ind2=" " ind1=" ">
      <subfield code="a">Energia -- Certificació</subfield>
   </datafield>
   <datafield tag="653" ind2=" " ind1=" ">
      <subfield code="a">Edificis industrials</subfield>
   </datafield>
   <datafield tag="653" ind2=" " ind1=" ">
      <subfield code="a">Energia -- Consum</subfield>
   </datafield>
   <datafield ind2="0" ind1="0" tag="245">
      <subfield code="a">Estudi per la certificació energètica de l'edifici d'oficines Roche Diagnostics S.L.</subfield>
   </datafield>
</record></metadata></record></GetRecord></OAI-PMH>